000
00312nam a22001337a 4500
008
170504b xxu||||| |||| 00| 0 eng d
020
_a
9780763755744
041
_a
eng
080
_a
343.9
100
_a
14
101
_a
SHJ
245
_a
RIGHT AND REALITES OF CRIME JUSTICE
_c
BARKAN.S.E
942
_2
udc
_c
BK
999
_c
12668
_d
12668